EMEA investment market overview (Record no. 107256)
[ view plain ]
| 000 -LEADER | |
|---|---|
| fixed length control field | 01450cad a22002655a 4500 |
| 001 - CONTROL NUMBER | |
| control field | L138832 |
| 008 - FIXED-LENGTH DATA ELEMENTS--GENERAL INFORMATION | |
| fixed length control field | 070713s2007 xxkd f 000 0 eng d |
| 035 ## - SYSTEM CONTROL NUMBER | |
| System control number | (Sirsi) u138832 |
| 041 0# - LANGUAGE CODE | |
| Language code of text/sound track or separate title | eng |
| 050 04 - LIBRARY OF CONGRESS CALL NUMBER | |
| Classification number | 333.337 $2 18 |
| 110 2# - MAIN ENTRY--CORPORATE NAME | |
| Corporate name or jurisdiction name as entry element | Colliers International Property Consultants |
| 9 (RLIN) | 1881 |
| 245 00 - TITLE STATEMENT | |
| Title | EMEA investment market overview |
| Remainder of title | first half 2007 |
| Medium | [electronic resource] |
| 260 ## - PUBLICATION, DISTRIBUTION, ETC. | |
| Place of publication, distribution, etc. | London |
| Name of publisher, distributor, etc. | Colliers |
| Date of publication, distribution, etc. | 2007 |
| 490 #0 - SERIES STATEMENT | |
| Series statement | Colliers EMEA Investment Market Overview |
| Volume/sequential designation | First Half 2007 |
| 520 ## - SUMMARY, ETC. | |
| Summary, etc. | With property returns outperforming equity and bond markets over the last few years, demand for real estate properties from investors inside and outside the region continues to exceed supply. The largest investment markets remain France, Germany and the UK, although the Netherlands and Turkey clocked up some major transactions in the first half of 2007, and the Middle East and Eastern Europe are winning larger shares of the market. The investment market throughout EMEA is dominated by office transactions, with retail transactions in second place. |
| 590 ## - LOCAL NOTE (RLIN) | |
| Local note | KA |
| 650 24 - SUBJECT ADDED ENTRY--TOPICAL TERM | |
| Topical term or geographic name entry element | COLLIERS EMEA INVESTMENT MARKET OVERVIEW |
| 651 #4 - SUBJECT ADDED ENTRY--GEOGRAPHIC NAME | |
| Geographic name | Europe |
| 651 #4 - SUBJECT ADDED ENTRY--GEOGRAPHIC NAME | |
| Geographic name | Middle East |
| 651 #4 - SUBJECT ADDED ENTRY--GEOGRAPHIC NAME | |
| Geographic name | South Africa |
| 690 ## - LOCAL SUBJECT ADDED ENTRY--TOPICAL TERM (OCLC, RLIN) | |
| Topical term or geographic name as entry element | PROPERTY-COMMERCIAL PROPERTY-COMMERCIAL PROPERTY MARKET |
| 690 ## - LOCAL SUBJECT ADDED ENTRY--TOPICAL TERM (OCLC, RLIN) | |
| Topical term or geographic name as entry element | PROPERTY-INVESTMENT PROPERTY |
| 856 40 - ELECTRONIC LOCATION AND ACCESS | |
| Uniform Resource Identifier | <a href="https://www.colliers.com">https://www.colliers.com</a> |
| Public note | View the market overview free of charge at www.colliers.com... |
| 942 ## - ADDED ENTRY ELEMENTS (KOHA) | |
| Suppress in OPAC | 0 |
| Source of classification or shelving scheme | Dewey Decimal Classification |
| Withdrawn status | Lost status | Source of classification or shelving scheme | Damaged status | Not for loan | Home library | Current library | Shelving location | Date acquired | Total Checkouts | Full call number | Barcode | Date last seen | Copy number | Price effective from | Koha item type |
|---|---|---|---|---|---|---|---|---|---|---|---|---|---|---|---|
| Dewey Decimal Classification | Virtual | Virtual | Online | 13/07/2007 | ONLINE PUBLICATION | 138832-2001 | 06/08/2019 | 1 | 06/08/2019 | Book |